<?xml version="1.0" encoding="UTF-8"?>
<record
    xmlns:xsi="http://www.w3.org/2001/XMLSchema-instance"
    xsi:schemaLocation="http://www.loc.gov/MARC21/slim http://www.loc.gov/standards/marcxml/schema/MARC21slim.xsd"
    xmlns="http://www.loc.gov/MARC21/slim">

  <leader>01391nam a2200277   4500</leader>
  <controlfield tag="001">bimo0001962316</controlfield>
  <controlfield tag="003">DO-SdBNP</controlfield>
  <controlfield tag="005">20240226120117.0</controlfield>
  <controlfield tag="008">040820s2005  sp |  ||| ||spa  </controlfield>
  <datafield tag="020" ind1=" " ind2=" ">
    <subfield code="a">8467013281</subfield>
  </datafield>
  <datafield tag="040" ind1=" " ind2=" ">
    <subfield code="a">BPMSU </subfield>
    <subfield code="b">spa</subfield>
    <subfield code="c">BPMSU</subfield>
  </datafield>
  <datafield tag="082" ind1=" " ind2="4">
    <subfield code="a">R036</subfield>
    <subfield code="b">G748e 2005</subfield>
    <subfield code="2">22</subfield>
  </datafield>
  <datafield tag="245" ind1="0" ind2="0">
    <subfield code="a">Gran Enciclopedia Espasa  /</subfield>
    <subfield code="c">director Antonio Merodio Cogolludo; Editora Marisa Javierre Gonz&#xE1;lez </subfield>
  </datafield>
  <datafield tag="260" ind1=" " ind2=" ">
    <subfield code="a">Bogot&#xE1; Colombia: </subfield>
    <subfield code="b">Espasa Calpe,</subfield>
    <subfield code="c">2005</subfield>
  </datafield>
  <datafield tag="300" ind1=" " ind2=" ">
    <subfield code="a">20 v :</subfield>
    <subfield code="b">il.;</subfield>
    <subfield code="c">23 cm</subfield>
  </datafield>
  <datafield tag="490" ind1="0" ind2=" ">
    <subfield code="a">Biblioteca el mundo </subfield>
    <subfield code="v">29</subfield>
  </datafield>
  <datafield tag="505" ind1="0" ind2=" ">
    <subfield code="a">v.1 A-Am&#xE9;rica. -- v.2 Am&#xE9;rica espa&#xF1;ola  -- v.3 Azigospora-Bueu. -- v.5 Chacona-Cooley -- v.6 Coolidge - Dijkstra -- v.7 Dijon-Esconder -- v.8 Escondidas - Fonda -- v.9 Fonda -Grulla -- v.10 Grulla - India -- v.11
India francesa-Latinizar. -- v.12 Latino-Marga. -- v.13 Margajita -Moscova. -- v.14 Moscovia-Ordet -- v.15 Ordinal -Platino -- v.16 Platirrino-Renano -- v.17 Renard-Sendos. -- v.18 S&#xE9;neca-Tep
v.19 T&#xE9;plalo-Verdusco -- v.20 Verea-Zyrianos. </subfield>
  </datafield>
  <datafield tag="534" ind1=" " ind2=" ">
    <subfield code="a">T&#xED;tulo original : </subfield>
    <subfield code="t">Dictionary of beliefs and religions </subfield>
  </datafield>
  <datafield tag="590" ind1=" " ind2=" ">
    <subfield code="6"> </subfield>
    <subfield code="a">Inventariado, 2024/VM</subfield>
  </datafield>
  <datafield tag="650" ind1=" " ind2="4">
    <subfield code="a">Enciclopedias y diccionarios espa&#xF1;oles </subfield>
    <subfield code="v"> </subfield>
    <subfield code="2"> </subfield>
  </datafield>
  <datafield tag="700" ind1="1" ind2=" ">
    <subfield code="a">Merodio Cogolludo, Antonio </subfield>
    <subfield code="e">director </subfield>
  </datafield>
  <datafield tag="700" ind1="1" ind2=" ">
    <subfield code="a">Javierre Gonz&#xE1;lez, Marisa </subfield>
    <subfield code="e">editora</subfield>
  </datafield>
  <datafield tag="710" ind1="2" ind2=" ">
    <subfield code="a">Espasa Calpe </subfield>
  </datafield>
  <datafield tag="910" ind1=" " ind2=" ">
    <subfield code="a">VMateo V. Control de calidad. BPMSU </subfield>
  </datafield>
  <datafield tag="942" ind1=" " ind2=" ">
    <subfield code="2">ddc</subfield>
    <subfield code="c">BK</subfield>
  </datafield>
  <datafield tag="952" ind1=" " ind2=" ">
    <subfield code="0">0</subfield>
    <subfield code="1">0</subfield>
    <subfield code="2">ddc</subfield>
    <subfield code="4">0</subfield>
    <subfield code="7">0</subfield>
    <subfield code="8">CR-G</subfield>
    <subfield code="a">BPMET</subfield>
    <subfield code="b">BPMET</subfield>
    <subfield code="d">2022-06-03</subfield>
    <subfield code="l">0</subfield>
    <subfield code="o">BPMSU CGR R036 G748e 2005</subfield>
    <subfield code="p">BPMSU24020342</subfield>
    <subfield code="r">2024-02-23</subfield>
    <subfield code="t"> v.1</subfield>
    <subfield code="w">2022-06-03</subfield>
    <subfield code="y">BK</subfield>
  </datafield>
  <datafield tag="952" ind1=" " ind2=" ">
    <subfield code="0">0</subfield>
    <subfield code="1">0</subfield>
    <subfield code="2">ddc</subfield>
    <subfield code="4">0</subfield>
    <subfield code="7">0</subfield>
    <subfield code="8">CR-G</subfield>
    <subfield code="a">BPMET</subfield>
    <subfield code="b">BPMET</subfield>
    <subfield code="d">2022-06-03</subfield>
    <subfield code="l">0</subfield>
    <subfield code="o">BPMSU CGR R036 G748e 2005</subfield>
    <subfield code="p">BPMSU24020343</subfield>
    <subfield code="r">2024-02-23</subfield>
    <subfield code="t"> v.2</subfield>
    <subfield code="w">2022-06-03</subfield>
    <subfield code="y">BK</subfield>
  </datafield>
  <datafield tag="952" ind1=" " ind2=" ">
    <subfield code="0">0</subfield>
    <subfield code="1">0</subfield>
    <subfield code="2">ddc</subfield>
    <subfield code="4">0</subfield>
    <subfield code="7">0</subfield>
    <subfield code="8">CR-G</subfield>
    <subfield code="a">BPMET</subfield>
    <subfield code="b">BPMET</subfield>
    <subfield code="d">2022-06-03</subfield>
    <subfield code="l">0</subfield>
    <subfield code="o">BPMSU CGR R036 G748e 2005</subfield>
    <subfield code="p">BPMSU24020344</subfield>
    <subfield code="r">2024-02-23</subfield>
    <subfield code="t"> v.2, e2</subfield>
    <subfield code="w">2022-06-03</subfield>
    <subfield code="y">BK</subfield>
  </datafield>
  <datafield tag="952" ind1=" " ind2=" ">
    <subfield code="0">0</subfield>
    <subfield code="1">0</subfield>
    <subfield code="2">ddc</subfield>
    <subfield code="4">0</subfield>
    <subfield code="7">0</subfield>
    <subfield code="8">CR-G</subfield>
    <subfield code="a">BPMET</subfield>
    <subfield code="b">BPMET</subfield>
    <subfield code="d">2022-06-03</subfield>
    <subfield code="l">0</subfield>
    <subfield code="o">BPMSU CGR R036 G748e 2005</subfield>
    <subfield code="p">BPMSU24020345</subfield>
    <subfield code="r">2024-02-23</subfield>
    <subfield code="t"> v.2, e3</subfield>
    <subfield code="w">2022-06-03</subfield>
    <subfield code="y">BK</subfield>
  </datafield>
  <datafield tag="952" ind1=" " ind2=" ">
    <subfield code="0">0</subfield>
    <subfield code="1">0</subfield>
    <subfield code="2">ddc</subfield>
    <subfield code="4">0</subfield>
    <subfield code="7">0</subfield>
    <subfield code="8">CR-G</subfield>
    <subfield code="a">BPMET</subfield>
    <subfield code="b">BPMET</subfield>
    <subfield code="d">2022-06-03</subfield>
    <subfield code="l">0</subfield>
    <subfield code="o">BPMSU CGR R036 G748e 2005</subfield>
    <subfield code="p">BPMSU24020346</subfield>
    <subfield code="r">2024-02-23</subfield>
    <subfield code="t"> v.3</subfield>
    <subfield code="w">2022-06-03</subfield>
    <subfield code="y">BK</subfield>
  </datafield>
  <datafield tag="952" ind1=" " ind2=" ">
    <subfield code="0">0</subfield>
    <subfield code="1">0</subfield>
    <subfield code="2">ddc</subfield>
    <subfield code="4">0</subfield>
    <subfield code="7">0</subfield>
    <subfield code="8">CR-G</subfield>
    <subfield code="a">BPMET</subfield>
    <subfield code="b">BPMET</subfield>
    <subfield code="d">2022-06-03</subfield>
    <subfield code="e">MAPRE</subfield>
    <subfield code="l">0</subfield>
    <subfield code="o">BPMSU CGR R036 G748e 2005</subfield>
    <subfield code="p">BPMSU24020347</subfield>
    <subfield code="r">2024-02-23</subfield>
    <subfield code="t"> v.3, e.2</subfield>
    <subfield code="w">2022-06-03</subfield>
    <subfield code="y">BK</subfield>
  </datafield>
  <datafield tag="952" ind1=" " ind2=" ">
    <subfield code="0">0</subfield>
    <subfield code="1">0</subfield>
    <subfield code="2">ddc</subfield>
    <subfield code="4">0</subfield>
    <subfield code="7">0</subfield>
    <subfield code="8">CR-G</subfield>
    <subfield code="a">BPMET</subfield>
    <subfield code="b">BPMET</subfield>
    <subfield code="d">2022-06-03</subfield>
    <subfield code="e">MAPRE</subfield>
    <subfield code="l">0</subfield>
    <subfield code="o">BPMSU CGR R036 G748e 2005</subfield>
    <subfield code="p">BPMSU24020348</subfield>
    <subfield code="r">2024-02-23</subfield>
    <subfield code="t"> v.4</subfield>
    <subfield code="w">2022-06-03</subfield>
    <subfield code="y">BK</subfield>
  </datafield>
  <datafield tag="952" ind1=" " ind2=" ">
    <subfield code="0">0</subfield>
    <subfield code="1">0</subfield>
    <subfield code="2">ddc</subfield>
    <subfield code="4">0</subfield>
    <subfield code="7">0</subfield>
    <subfield code="8">CR-G</subfield>
    <subfield code="a">BPMET</subfield>
    <subfield code="b">BPMET</subfield>
    <subfield code="d">2022-06-03</subfield>
    <subfield code="e">MAPRE</subfield>
    <subfield code="l">0</subfield>
    <subfield code="o">BPMSU CGR R036 G748e 2005</subfield>
    <subfield code="p">BPMSU24020349</subfield>
    <subfield code="r">2024-02-23</subfield>
    <subfield code="t"> v.5</subfield>
    <subfield code="w">2022-06-03</subfield>
    <subfield code="y">BK</subfield>
  </datafield>
  <datafield tag="952" ind1=" " ind2=" ">
    <subfield code="0">0</subfield>
    <subfield code="1">0</subfield>
    <subfield code="2">ddc</subfield>
    <subfield code="4">0</subfield>
    <subfield code="7">0</subfield>
    <subfield code="8">CR-G</subfield>
    <subfield code="a">BPMET</subfield>
    <subfield code="b">BPMET</subfield>
    <subfield code="d">2022-06-03</subfield>
    <subfield code="e">MAPRE</subfield>
    <subfield code="l">0</subfield>
    <subfield code="o">BPMSU CGR R036 G748e 2005</subfield>
    <subfield code="p">BPMSU24020350</subfield>
    <subfield code="r">2024-02-23</subfield>
    <subfield code="t"> v.6</subfield>
    <subfield code="w">2022-06-03</subfield>
    <subfield code="y">BK</subfield>
  </datafield>
  <datafield tag="952" ind1=" " ind2=" ">
    <subfield code="0">0</subfield>
    <subfield code="1">0</subfield>
    <subfield code="2">ddc</subfield>
    <subfield code="4">0</subfield>
    <subfield code="7">0</subfield>
    <subfield code="8">CR-G</subfield>
    <subfield code="a">BPMET</subfield>
    <subfield code="b">BPMET</subfield>
    <subfield code="d">2022-06-03</subfield>
    <subfield code="e">MAPRE</subfield>
    <subfield code="l">0</subfield>
    <subfield code="o">BPMSU CGR R036 G748e 2005</subfield>
    <subfield code="p">BPMSU24020351</subfield>
    <subfield code="r">2024-02-23</subfield>
    <subfield code="t"> v.6, e2</subfield>
    <subfield code="w">2022-06-03</subfield>
    <subfield code="y">BK</subfield>
  </datafield>
  <datafield tag="952" ind1=" " ind2=" ">
    <subfield code="0">0</subfield>
    <subfield code="1">0</subfield>
    <subfield code="2">ddc</subfield>
    <subfield code="4">0</subfield>
    <subfield code="7">0</subfield>
    <subfield code="8">CR-G</subfield>
    <subfield code="a">BPMET</subfield>
    <subfield code="b">BPMET</subfield>
    <subfield code="d">2022-06-03</subfield>
    <subfield code="e">MAPRE</subfield>
    <subfield code="l">0</subfield>
    <subfield code="o">BPMSU CGR R036 G748e 2005</subfield>
    <subfield code="p">BPMSU24020352</subfield>
    <subfield code="r">2024-02-23</subfield>
    <subfield code="t"> v.7</subfield>
    <subfield code="w">2022-06-03</subfield>
    <subfield code="y">BK</subfield>
  </datafield>
  <datafield tag="952" ind1=" " ind2=" ">
    <subfield code="0">0</subfield>
    <subfield code="1">0</subfield>
    <subfield code="2">ddc</subfield>
    <subfield code="4">0</subfield>
    <subfield code="7">0</subfield>
    <subfield code="8">CR-G</subfield>
    <subfield code="a">BPMET</subfield>
    <subfield code="b">BPMET</subfield>
    <subfield code="d">2022-06-03</subfield>
    <subfield code="e">MAPRE</subfield>
    <subfield code="l">0</subfield>
    <subfield code="o">BPMSU CGR R036 G748e 2005</subfield>
    <subfield code="p">BPMSU24020353</subfield>
    <subfield code="r">2024-02-23</subfield>
    <subfield code="t"> v.7, e.2</subfield>
    <subfield code="w">2022-06-03</subfield>
    <subfield code="y">BK</subfield>
  </datafield>
  <datafield tag="952" ind1=" " ind2=" ">
    <subfield code="0">0</subfield>
    <subfield code="1">0</subfield>
    <subfield code="2">ddc</subfield>
    <subfield code="4">0</subfield>
    <subfield code="7">0</subfield>
    <subfield code="8">CR-G</subfield>
    <subfield code="a">BPMET</subfield>
    <subfield code="b">BPMET</subfield>
    <subfield code="d">2022-06-03</subfield>
    <subfield code="e">MAPRE</subfield>
    <subfield code="l">0</subfield>
    <subfield code="o">BPMSU CGR R036 G748e 2005</subfield>
    <subfield code="p">BPMSU24020354</subfield>
    <subfield code="r">2024-02-23</subfield>
    <subfield code="t"> v.8</subfield>
    <subfield code="w">2022-06-03</subfield>
    <subfield code="y">BK</subfield>
  </datafield>
  <datafield tag="952" ind1=" " ind2=" ">
    <subfield code="0">0</subfield>
    <subfield code="1">0</subfield>
    <subfield code="2">ddc</subfield>
    <subfield code="4">0</subfield>
    <subfield code="7">0</subfield>
    <subfield code="8">CR-G</subfield>
    <subfield code="a">BPMET</subfield>
    <subfield code="b">BPMET</subfield>
    <subfield code="d">2022-06-03</subfield>
    <subfield code="e">MAPRE</subfield>
    <subfield code="l">0</subfield>
    <subfield code="o">BPMSU CGR R036 G748e 2005</subfield>
    <subfield code="p">BPMSU24020355</subfield>
    <subfield code="r">2024-02-23</subfield>
    <subfield code="t"> v.8, e.2</subfield>
    <subfield code="w">2022-06-03</subfield>
    <subfield code="y">BK</subfield>
  </datafield>
  <datafield tag="952" ind1=" " ind2=" ">
    <subfield code="0">0</subfield>
    <subfield code="1">0</subfield>
    <subfield code="2">ddc</subfield>
    <subfield code="4">0</subfield>
    <subfield code="7">0</subfield>
    <subfield code="8">CR-G</subfield>
    <subfield code="a">BPMET</subfield>
    <subfield code="b">BPMET</subfield>
    <subfield code="d">2022-06-03</subfield>
    <subfield code="e">MAPRE</subfield>
    <subfield code="l">0</subfield>
    <subfield code="o">BPMSU CGR R036 G748e 2005</subfield>
    <subfield code="p">BPMSU24020356</subfield>
    <subfield code="r">2024-02-23</subfield>
    <subfield code="t"> v.9</subfield>
    <subfield code="w">2022-06-03</subfield>
    <subfield code="y">BK</subfield>
  </datafield>
  <datafield tag="952" ind1=" " ind2=" ">
    <subfield code="0">0</subfield>
    <subfield code="1">0</subfield>
    <subfield code="2">ddc</subfield>
    <subfield code="4">0</subfield>
    <subfield code="7">0</subfield>
    <subfield code="8">CR-G</subfield>
    <subfield code="a">BPMET</subfield>
    <subfield code="b">BPMET</subfield>
    <subfield code="d">2022-06-03</subfield>
    <subfield code="e">MAPRE</subfield>
    <subfield code="l">0</subfield>
    <subfield code="o">BPMSU CGR R036 G748e 2005</subfield>
    <subfield code="p">BPMSU24020357</subfield>
    <subfield code="r">2024-02-26</subfield>
    <subfield code="t"> v.9, e.2</subfield>
    <subfield code="w">2022-06-03</subfield>
    <subfield code="y">BK</subfield>
  </datafield>
  <datafield tag="952" ind1=" " ind2=" ">
    <subfield code="0">0</subfield>
    <subfield code="1">0</subfield>
    <subfield code="2">ddc</subfield>
    <subfield code="4">0</subfield>
    <subfield code="7">0</subfield>
    <subfield code="8">CR-G</subfield>
    <subfield code="a">BPMET</subfield>
    <subfield code="b">BPMET</subfield>
    <subfield code="d">2022-06-03</subfield>
    <subfield code="e">MAPRE</subfield>
    <subfield code="l">0</subfield>
    <subfield code="o">BPMSU CGR R036 G748e 2005</subfield>
    <subfield code="p">BPMSU24020358</subfield>
    <subfield code="r">2024-02-26</subfield>
    <subfield code="t"> v.9, e.3</subfield>
    <subfield code="w">2022-06-03</subfield>
    <subfield code="y">BK</subfield>
  </datafield>
  <datafield tag="952" ind1=" " ind2=" ">
    <subfield code="0">0</subfield>
    <subfield code="1">0</subfield>
    <subfield code="2">ddc</subfield>
    <subfield code="4">0</subfield>
    <subfield code="7">0</subfield>
    <subfield code="8">CR-G</subfield>
    <subfield code="a">BPMET</subfield>
    <subfield code="b">BPMET</subfield>
    <subfield code="d">2022-06-03</subfield>
    <subfield code="e">MAPRE</subfield>
    <subfield code="l">0</subfield>
    <subfield code="o">BPMSU CGR R036 G748e 2005</subfield>
    <subfield code="p">BPMSU24020359</subfield>
    <subfield code="r">2024-02-26</subfield>
    <subfield code="t"> v.10, e.3</subfield>
    <subfield code="w">2022-06-03</subfield>
    <subfield code="y">BK</subfield>
  </datafield>
  <datafield tag="952" ind1=" " ind2=" ">
    <subfield code="0">0</subfield>
    <subfield code="1">0</subfield>
    <subfield code="2">ddc</subfield>
    <subfield code="4">0</subfield>
    <subfield code="7">0</subfield>
    <subfield code="8">CR-G</subfield>
    <subfield code="a">BPMET</subfield>
    <subfield code="b">BPMET</subfield>
    <subfield code="d">2022-06-03</subfield>
    <subfield code="e">MAPRE</subfield>
    <subfield code="l">0</subfield>
    <subfield code="o">BPMSU CGR R036 G748e 2005</subfield>
    <subfield code="p">BPMSU24020360</subfield>
    <subfield code="r">2024-02-26</subfield>
    <subfield code="t"> v.10, e.2</subfield>
    <subfield code="w">2022-06-03</subfield>
    <subfield code="y">BK</subfield>
  </datafield>
  <datafield tag="952" ind1=" " ind2=" ">
    <subfield code="0">0</subfield>
    <subfield code="1">0</subfield>
    <subfield code="2">ddc</subfield>
    <subfield code="4">0</subfield>
    <subfield code="7">0</subfield>
    <subfield code="8">CR-G</subfield>
    <subfield code="a">BPMET</subfield>
    <subfield code="b">BPMET</subfield>
    <subfield code="d">2022-06-03</subfield>
    <subfield code="e">MAPRE</subfield>
    <subfield code="l">0</subfield>
    <subfield code="o">BPMSU CGR R036 G748e 2005</subfield>
    <subfield code="p">BPMSU24020361</subfield>
    <subfield code="r">2024-02-26</subfield>
    <subfield code="t"> v.10</subfield>
    <subfield code="w">2022-06-03</subfield>
    <subfield code="y">BK</subfield>
  </datafield>
  <datafield tag="952" ind1=" " ind2=" ">
    <subfield code="0">0</subfield>
    <subfield code="1">0</subfield>
    <subfield code="2">ddc</subfield>
    <subfield code="4">0</subfield>
    <subfield code="7">0</subfield>
    <subfield code="8">CR-G</subfield>
    <subfield code="a">BPMET</subfield>
    <subfield code="b">BPMET</subfield>
    <subfield code="d">2022-06-03</subfield>
    <subfield code="e">MAPRE</subfield>
    <subfield code="l">0</subfield>
    <subfield code="o">BPMSU CGR R036 G748e 2005</subfield>
    <subfield code="p">BPMSU24020362</subfield>
    <subfield code="r">2024-02-26</subfield>
    <subfield code="t"> v.11</subfield>
    <subfield code="w">2022-06-03</subfield>
    <subfield code="y">BK</subfield>
  </datafield>
  <datafield tag="952" ind1=" " ind2=" ">
    <subfield code="0">0</subfield>
    <subfield code="1">0</subfield>
    <subfield code="2">ddc</subfield>
    <subfield code="4">0</subfield>
    <subfield code="7">0</subfield>
    <subfield code="8">CR-G</subfield>
    <subfield code="a">BPMET</subfield>
    <subfield code="b">BPMET</subfield>
    <subfield code="d">2022-06-03</subfield>
    <subfield code="e">MAPRE</subfield>
    <subfield code="l">0</subfield>
    <subfield code="o">BPMSU CGR R036 G748e 2005</subfield>
    <subfield code="p">BPMSU24020363</subfield>
    <subfield code="r">2024-02-26</subfield>
    <subfield code="t"> v.11, e.2</subfield>
    <subfield code="w">2022-06-03</subfield>
    <subfield code="y">BK</subfield>
  </datafield>
  <datafield tag="952" ind1=" " ind2=" ">
    <subfield code="0">0</subfield>
    <subfield code="1">0</subfield>
    <subfield code="2">ddc</subfield>
    <subfield code="4">0</subfield>
    <subfield code="7">0</subfield>
    <subfield code="8">CR-G</subfield>
    <subfield code="a">BPMET</subfield>
    <subfield code="b">BPMET</subfield>
    <subfield code="d">2022-06-03</subfield>
    <subfield code="e">MAPRE</subfield>
    <subfield code="l">0</subfield>
    <subfield code="o">BPMSU CGR R036 G748e 2005</subfield>
    <subfield code="p">BPMSU24020364</subfield>
    <subfield code="r">2024-02-26</subfield>
    <subfield code="t"> v.13, e.2</subfield>
    <subfield code="w">2022-06-03</subfield>
    <subfield code="y">BK</subfield>
  </datafield>
  <datafield tag="952" ind1=" " ind2=" ">
    <subfield code="0">0</subfield>
    <subfield code="1">0</subfield>
    <subfield code="2">ddc</subfield>
    <subfield code="4">0</subfield>
    <subfield code="7">0</subfield>
    <subfield code="8">CR-G</subfield>
    <subfield code="a">BPMET</subfield>
    <subfield code="b">BPMET</subfield>
    <subfield code="d">2022-06-03</subfield>
    <subfield code="e">MAPRE</subfield>
    <subfield code="l">0</subfield>
    <subfield code="o">BPMSU CGR R036 G748e 2005</subfield>
    <subfield code="p">BPMSU24020365</subfield>
    <subfield code="r">2024-02-26</subfield>
    <subfield code="t"> v.13</subfield>
    <subfield code="w">2022-06-03</subfield>
    <subfield code="y">BK</subfield>
  </datafield>
  <datafield tag="952" ind1=" " ind2=" ">
    <subfield code="0">0</subfield>
    <subfield code="1">0</subfield>
    <subfield code="2">ddc</subfield>
    <subfield code="4">0</subfield>
    <subfield code="7">0</subfield>
    <subfield code="8">CR-G</subfield>
    <subfield code="a">BPMET</subfield>
    <subfield code="b">BPMET</subfield>
    <subfield code="d">2022-06-03</subfield>
    <subfield code="e">MAPRE</subfield>
    <subfield code="l">0</subfield>
    <subfield code="o">BPMSU CGR R036 G748e 2005</subfield>
    <subfield code="p">BPMSU24020366</subfield>
    <subfield code="r">2024-02-26</subfield>
    <subfield code="t"> v.14</subfield>
    <subfield code="w">2022-06-03</subfield>
    <subfield code="y">BK</subfield>
  </datafield>
  <datafield tag="952" ind1=" " ind2=" ">
    <subfield code="0">0</subfield>
    <subfield code="1">0</subfield>
    <subfield code="2">ddc</subfield>
    <subfield code="4">0</subfield>
    <subfield code="7">0</subfield>
    <subfield code="8">CR-G</subfield>
    <subfield code="a">BPMET</subfield>
    <subfield code="b">BPMET</subfield>
    <subfield code="d">2022-06-03</subfield>
    <subfield code="e">MAPRE</subfield>
    <subfield code="l">0</subfield>
    <subfield code="o">BPMSU CGR R036 G748e 2005</subfield>
    <subfield code="p">BPMSU24020367</subfield>
    <subfield code="r">2024-02-26</subfield>
    <subfield code="t"> v.14, e.2</subfield>
    <subfield code="w">2022-06-03</subfield>
    <subfield code="y">BK</subfield>
  </datafield>
  <datafield tag="952" ind1=" " ind2=" ">
    <subfield code="0">0</subfield>
    <subfield code="1">0</subfield>
    <subfield code="2">ddc</subfield>
    <subfield code="4">0</subfield>
    <subfield code="7">0</subfield>
    <subfield code="8">CR-G</subfield>
    <subfield code="a">BPMET</subfield>
    <subfield code="b">BPMET</subfield>
    <subfield code="d">2022-06-03</subfield>
    <subfield code="e">MAPRE</subfield>
    <subfield code="l">0</subfield>
    <subfield code="o">BPMSU CGR R036 G748e 2005</subfield>
    <subfield code="p">BPMSU24020368</subfield>
    <subfield code="r">2024-02-26</subfield>
    <subfield code="t"> v.15</subfield>
    <subfield code="w">2022-06-03</subfield>
    <subfield code="y">BK</subfield>
  </datafield>
  <datafield tag="952" ind1=" " ind2=" ">
    <subfield code="0">0</subfield>
    <subfield code="1">0</subfield>
    <subfield code="2">ddc</subfield>
    <subfield code="4">0</subfield>
    <subfield code="7">0</subfield>
    <subfield code="8">CR-G</subfield>
    <subfield code="a">BPMET</subfield>
    <subfield code="b">BPMET</subfield>
    <subfield code="d">2022-06-03</subfield>
    <subfield code="e">MAPRE</subfield>
    <subfield code="l">0</subfield>
    <subfield code="o">BPMSU CGR R036 G748e 2005</subfield>
    <subfield code="p">BPMSU24020369</subfield>
    <subfield code="r">2024-02-26</subfield>
    <subfield code="t"> v.16</subfield>
    <subfield code="w">2022-06-03</subfield>
    <subfield code="y">BK</subfield>
  </datafield>
  <datafield tag="952" ind1=" " ind2=" ">
    <subfield code="0">0</subfield>
    <subfield code="1">0</subfield>
    <subfield code="2">ddc</subfield>
    <subfield code="4">0</subfield>
    <subfield code="7">0</subfield>
    <subfield code="8">CR-G</subfield>
    <subfield code="a">BPMET</subfield>
    <subfield code="b">BPMET</subfield>
    <subfield code="d">2022-06-03</subfield>
    <subfield code="e">MAPRE</subfield>
    <subfield code="l">0</subfield>
    <subfield code="o">BPMSU CGR R036 G748e 2005</subfield>
    <subfield code="p">BPMSU24020370</subfield>
    <subfield code="r">2024-02-26</subfield>
    <subfield code="t"> v.16, e.2</subfield>
    <subfield code="w">2022-06-03</subfield>
    <subfield code="y">BK</subfield>
  </datafield>
  <datafield tag="952" ind1=" " ind2=" ">
    <subfield code="0">0</subfield>
    <subfield code="1">0</subfield>
    <subfield code="2">ddc</subfield>
    <subfield code="4">0</subfield>
    <subfield code="7">0</subfield>
    <subfield code="8">CR-G</subfield>
    <subfield code="a">BPMET</subfield>
    <subfield code="b">BPMET</subfield>
    <subfield code="d">2022-06-03</subfield>
    <subfield code="e">MAPRE</subfield>
    <subfield code="l">0</subfield>
    <subfield code="o">BPMSU CGR R036 G748e 2005</subfield>
    <subfield code="p">BPMSU24020371</subfield>
    <subfield code="r">2024-02-26</subfield>
    <subfield code="t"> v.17, e.2</subfield>
    <subfield code="w">2022-06-03</subfield>
    <subfield code="y">BK</subfield>
  </datafield>
  <datafield tag="952" ind1=" " ind2=" ">
    <subfield code="0">0</subfield>
    <subfield code="1">0</subfield>
    <subfield code="2">ddc</subfield>
    <subfield code="4">0</subfield>
    <subfield code="7">0</subfield>
    <subfield code="8">CR-G</subfield>
    <subfield code="a">BPMET</subfield>
    <subfield code="b">BPMET</subfield>
    <subfield code="d">2022-06-03</subfield>
    <subfield code="e">MAPRE</subfield>
    <subfield code="l">0</subfield>
    <subfield code="o">BPMSU CGR R036 G748e 2005</subfield>
    <subfield code="p">BPMSU24020372</subfield>
    <subfield code="r">2024-02-26</subfield>
    <subfield code="t"> v.17</subfield>
    <subfield code="w">2022-06-03</subfield>
    <subfield code="y">BK</subfield>
  </datafield>
  <datafield tag="952" ind1=" " ind2=" ">
    <subfield code="0">0</subfield>
    <subfield code="1">0</subfield>
    <subfield code="2">ddc</subfield>
    <subfield code="4">0</subfield>
    <subfield code="7">0</subfield>
    <subfield code="8">CR-G</subfield>
    <subfield code="a">BPMET</subfield>
    <subfield code="b">BPMET</subfield>
    <subfield code="d">2022-06-03</subfield>
    <subfield code="e">MAPRE</subfield>
    <subfield code="l">0</subfield>
    <subfield code="o">BPMSU CGR R036 G748e 2005</subfield>
    <subfield code="p">BPMSU24020373</subfield>
    <subfield code="r">2024-02-26</subfield>
    <subfield code="t"> v.18</subfield>
    <subfield code="w">2022-06-03</subfield>
    <subfield code="y">BK</subfield>
  </datafield>
  <datafield tag="952" ind1=" " ind2=" ">
    <subfield code="0">0</subfield>
    <subfield code="1">0</subfield>
    <subfield code="2">ddc</subfield>
    <subfield code="4">0</subfield>
    <subfield code="7">0</subfield>
    <subfield code="8">CR-G</subfield>
    <subfield code="a">BPMET</subfield>
    <subfield code="b">BPMET</subfield>
    <subfield code="d">2022-06-03</subfield>
    <subfield code="e">MAPRE</subfield>
    <subfield code="l">0</subfield>
    <subfield code="o">BPMSU CGR R036 G748e 2005</subfield>
    <subfield code="p">BPMSU24020374</subfield>
    <subfield code="r">2024-02-26</subfield>
    <subfield code="t"> v.18, e.2</subfield>
    <subfield code="w">2022-06-03</subfield>
    <subfield code="y">BK</subfield>
  </datafield>
  <datafield tag="952" ind1=" " ind2=" ">
    <subfield code="0">0</subfield>
    <subfield code="1">0</subfield>
    <subfield code="2">ddc</subfield>
    <subfield code="4">0</subfield>
    <subfield code="7">0</subfield>
    <subfield code="8">CR-G</subfield>
    <subfield code="a">BPMET</subfield>
    <subfield code="b">BPMET</subfield>
    <subfield code="d">2022-06-03</subfield>
    <subfield code="e">MAPRE</subfield>
    <subfield code="l">0</subfield>
    <subfield code="o">BPMSU CGR R036 G748e 2005</subfield>
    <subfield code="p">BPMSU24020375</subfield>
    <subfield code="r">2024-02-26</subfield>
    <subfield code="t"> v.18, e.3</subfield>
    <subfield code="w">2022-06-03</subfield>
    <subfield code="y">BK</subfield>
  </datafield>
  <datafield tag="952" ind1=" " ind2=" ">
    <subfield code="0">0</subfield>
    <subfield code="1">0</subfield>
    <subfield code="2">ddc</subfield>
    <subfield code="4">0</subfield>
    <subfield code="7">0</subfield>
    <subfield code="8">CR-G</subfield>
    <subfield code="a">BPMET</subfield>
    <subfield code="b">BPMET</subfield>
    <subfield code="d">2022-06-03</subfield>
    <subfield code="e">MAPRE</subfield>
    <subfield code="l">0</subfield>
    <subfield code="o">BPMSU CGR R036 G748e 2005</subfield>
    <subfield code="p">BPMSU24020376</subfield>
    <subfield code="r">2024-02-26</subfield>
    <subfield code="t"> v.19, e.2</subfield>
    <subfield code="w">2022-06-03</subfield>
    <subfield code="y">BK</subfield>
  </datafield>
  <datafield tag="952" ind1=" " ind2=" ">
    <subfield code="0">0</subfield>
    <subfield code="1">0</subfield>
    <subfield code="2">ddc</subfield>
    <subfield code="4">0</subfield>
    <subfield code="7">0</subfield>
    <subfield code="8">CR-G</subfield>
    <subfield code="a">BPMET</subfield>
    <subfield code="b">BPMET</subfield>
    <subfield code="d">2022-06-03</subfield>
    <subfield code="e">MAPRE</subfield>
    <subfield code="l">0</subfield>
    <subfield code="o">BPMSU CGR R036 G748e 2005</subfield>
    <subfield code="p">BPMSU24020377</subfield>
    <subfield code="r">2024-02-26</subfield>
    <subfield code="t"> v.19</subfield>
    <subfield code="w">2022-06-03</subfield>
    <subfield code="y">BK</subfield>
  </datafield>
  <datafield tag="952" ind1=" " ind2=" ">
    <subfield code="0">0</subfield>
    <subfield code="1">0</subfield>
    <subfield code="2">ddc</subfield>
    <subfield code="4">0</subfield>
    <subfield code="7">0</subfield>
    <subfield code="8">CR-G</subfield>
    <subfield code="a">BPMET</subfield>
    <subfield code="b">BPMET</subfield>
    <subfield code="d">2022-06-03</subfield>
    <subfield code="e">MAPRE</subfield>
    <subfield code="l">0</subfield>
    <subfield code="o">BPMSU CGR R036 G748e 2005</subfield>
    <subfield code="p">BPMSU24020378</subfield>
    <subfield code="r">2024-02-26</subfield>
    <subfield code="t"> v.20</subfield>
    <subfield code="w">2022-06-03</subfield>
    <subfield code="y">BK</subfield>
  </datafield>
  <datafield tag="952" ind1=" " ind2=" ">
    <subfield code="0">0</subfield>
    <subfield code="1">0</subfield>
    <subfield code="2">ddc</subfield>
    <subfield code="4">0</subfield>
    <subfield code="7">0</subfield>
    <subfield code="8">CR-G</subfield>
    <subfield code="a">BPMET</subfield>
    <subfield code="b">BPMET</subfield>
    <subfield code="d">2022-06-03</subfield>
    <subfield code="e">MAPRE</subfield>
    <subfield code="l">0</subfield>
    <subfield code="o">BPMSU CGR R036 G748e 2005</subfield>
    <subfield code="p">BPMSU24020379</subfield>
    <subfield code="r">2024-02-26</subfield>
    <subfield code="t"> v.20, e.2</subfield>
    <subfield code="w">2022-06-03</subfield>
    <subfield code="y">BK</subfield>
  </datafield>
  <datafield tag="952" ind1=" " ind2=" ">
    <subfield code="0">0</subfield>
    <subfield code="1">0</subfield>
    <subfield code="2">ddc</subfield>
    <subfield code="4">0</subfield>
    <subfield code="7">0</subfield>
    <subfield code="8">CR-G</subfield>
    <subfield code="a">BPMET</subfield>
    <subfield code="b">BPMET</subfield>
    <subfield code="d">2022-06-03</subfield>
    <subfield code="e">MAPRE</subfield>
    <subfield code="l">0</subfield>
    <subfield code="o">BPMSU CGR R036 G748e 2005</subfield>
    <subfield code="p">BPMSU24020380</subfield>
    <subfield code="r">2024-02-26</subfield>
    <subfield code="t"> v.12</subfield>
    <subfield code="w">2022-06-03</subfield>
    <subfield code="y">BK</subfield>
  </datafield>
  <datafield tag="999" ind1=" " ind2=" ">
    <subfield code="c">14218</subfield>
    <subfield code="d">14218</subfield>
  </datafield>
</record>
